000 00460nam a2200181Ia 4500
008 230711s9999||||xx |||||||||||||| ||und||
020 _a978-1-63159-380-2
041 _aENG
082 _a747
_bGR-I
100 _aGrimley, Chris
245 4 _aThe Interior Design
_bReference+Specification Book
250 _aRevised Ed.
260 _c2019
_aBeverly
_bRockport Publication
300 _a287p.
650 _aArchitecture
700 _aLove, Mimi
942 _cBK
999 _c7028
_d7028